00936cam a2200229 a 450000100100000000500170001000800410002704000300006808200210009810000330011924501240015226000590027630000280033550400540036365000380041765100430045565000230049891000340052104900090055595201250056499900170068900001117920250224122025.0790125s1966 gt a b 000 0 spa d aDO-SdBNPbspacDLCdBNPHU a362.17291bG311a1 aGehlert Mata, Carlos.92670710aAnálisis y consideraciones sobre problemas sanitarios de Guatemala :bsus posibles soluciones /cCarlos Gehlert Mata. aGuatemala :bEditorial José de Pineda Ibarra,c1966. a199 p. :bil. ;c21 cm. aIncluye referencias bibliográficas: p. 197-199. 4aSalud públicazGuatemala926708 4aGuatemalaxCondiciones Sociales917005 0aSaneamiento 97181 aCatalogación por copia / LC aBNGR 001054708MOaGRbGRcCTd2009-10-14iLF1l0o362.17291 G311ap11179-10r2020-06-25w2020-06-25y4ZPréstamo en sala c10902d10902